000 00974 a2200445 4500
000 BKB
001 135726
005 20200902152907.0
008
010 _a
020 _a9789381269558
082 _a515.02453
_bA35M
100 1 _aArfken, George B.
110 _a
245 1 _aMathematical methods for physicist : a comprehensive guide
_cGeorge B. Arfken, Hans J. Weber and Frank E. Harris
250 _a7th ed.
260 _aAmsterdam
_bElsevier
_c2013
300 _a1205P.
490 _a
_v
500 _a
600 _a
610 _a
611 _a
630 _a
650 _a
651 _a
654 _a
690 _aPhysics; Mathematical methods for physicist
700 _aWeber, Hans J.
_b
_c
710 _a
_b
_c
711 _a
720 _a
730 _a
740 _a
752 _a
856 _a
_d
_f
904 _a
964 _a
_b
_c
_d
_e
_f
_g
965 _a
999 _c9028
_d9028